00421nam a2200157Ia 4500008004100000020001800041082001700059100002500076245002700101250000800128260004200136300002400178500001900202600002700221650001500248240925s9999 xx 000 0 und d a9789332518605 a620.1123 HIB aHibbeler ,Russell C. 0aMechanics of Materials a9th aNew Delhi:bPearson Educationc,2014. a407p.bNAfOriginal aIncludes Index aElectrical Engineering aTechnology